Inovácie vo vzdelávaní pre oblasť riadenia financií a rizika na Technickej univerzite v Košiciach

Salvato in:
Dettagli Bibliografici
Autore principale: Delina, Radoslav
Altri autori: Tkáč, Michal, ml., 1984-
Natura: Capitolo di libro
Lingua:slovacco
Soggetti:
Tags: Aggiungi Tag
Nessun Tag, puoi essere il primo ad aggiungerne!!

MARC

LEADER 00000naa$a2200000$$$4500
001 0226005
005 20240502083604.4
041 0 |a slo 
044 |a UA 
245 1 0 |a Inovácie vo vzdelávaní pre oblasť riadenia financií a rizika na Technickej univerzite v Košiciach  |c Radoslav Delina, Michal Tkáč ml. 
610 2 0 |a vzdelávanie vysokoškolské 
610 2 0 |a technológie informačné 
610 2 0 |a technológie komunikačné 
610 2 0 |a inovácia 
610 2 0 |a obchod elektronický 
610 2 0 |a študenti 
100 1 |a Delina, Radoslav 
700 1 |a Tkáč, Michal, ml., 1984-